Farmacología / (Record no. 35608)

MARC details
000 -LEADER
campo de control de longitud fija 00610nam a2200205 i 4500
001 - NÚMERO DE CONTROL
campo de control 35608
003 - IDENTIFICADOR DE NÚMERO DE CONTROL
campo de control ES-MaACL
005 - FECHA Y HORA DE LA ÚLTIMA TRANSACCIÓN
campo de control 20230906155150.0
007 - CAMPO FIJO DE DESCRIPCIÓN FÍSICA--INFORMACIÓN GENERAL
campo de control de longitud fija t|
008 - DATOS DE LONGITUD FIJA--INFORMACIÓN GENERAL
campo de control de longitud fija 030213s1970 sp ||||1| spa d
100 1# - ENTRADA PRINCIPAL--NOMBRE DE PERSONA
Nombre de persona Bowman, W. C.
9 (RLIN) 31153
245 10 - MENCIÓN DEL TÍTULO
Título Farmacología /
Mención de responsabilidad, etc. W.C. Bowman, M.J. Rand, G.B. West ; versión... Hermenegildo Bedate.
250 ## - MENCION DE EDICION
Mención de edición [1ª ed.].
260 ## - PUBLICACIÓN, DISTRIBUCIÓN, ETC.
Lugar de publicación, distribución, etc. Barcelona :
Nombre del editor, distribuidor, etc. Jims,
Fecha de publicación, distribución, etc. 1970.
300 ## - DESCRIPCIÓN FÍSICA
Extensión XIII, 984 p. :
Otras características físicas il. ;
Dimensiones 25 cm.
700 1# - ENTRADA AGREGADA--NOMBRE PERSONAL
Nombre de persona Rand, M. J.
9 (RLIN) 95400
700 1# - ENTRADA AGREGADA--NOMBRE PERSONAL
Nombre de persona West, G. B.
9 (RLIN) 116542
700 1# - ENTRADA AGREGADA--NOMBRE PERSONAL
Nombre de persona Bedate, Hermenegildo.
9 (RLIN) 26989
852 ## - LOCALIZACIÓN
Ubicación ES-MaACL
Número de control de estantería C-37563
Sublocalización o colección R.72302
Holdings
Estatus retirado Estado de pérdida Estado de daño No para préstamo Biblioteca de origen Biblioteca actual Ubicación en estantería Fecha de adquisición Fuente de adquisición Total de préstamos Signatura topográfica completa Código de barras Visto por última vez Precio de reemplazo Tipo de ítem Koha
        Biblioteca del Ateneo de Madrid Biblioteca del Ateneo de Madrid Depósito 2 17/01/2008     C-37563 1037283 23/02/2023 23/02/2023 Libro impreso